00460nam a2200193Ia 4500008004100000020001800041050001400059100002100073245001600094245003400110245002100144260001500165260001600180260000900196300001600205300002700221300001000248500000800258170918s9999 xx 000 0 und d a9780590411592 bL366 1988 aLauber, Patricia aLost star : bthe story of Amelia Earhart / cPatricia Lauber. aNew York : bScholastic, c1988 a106 pages : bcolored illustration ; c19cm. a870